| 000 | 01545nam a2200349 c 4500 | ||
|---|---|---|---|
| 003 | BLK | ||
| 005 | 20180420213727.0 | ||
| 008 | 180412b bul|||||r ||||||| ||bul|| | ||
| 010 | _aKNG00004861000 | ||
| 020 |
_a954-8555-05-0 _bиздат.: Албатрос |
||
| 040 | _aBLK | ||
| 041 |
_aBUL _cBUL |
||
| 080 |
_aМеждународни политически отношения. Световна политика. Международна политика. Дипломация _b327 _x _z327 |
||
| 100 | 1 |
_aСтефанов, Георги _eпърви автор _gИванов, Георги Стефанов _9242354 |
|
| 700 | 1 |
_aГеоргиев, Георги Стефанов _9247744 |
|
| 139 |
_aСтефанов, Георги _bС 75 |
||
| 245 | 1 | 0 |
_aВъншна политика. Дипломация _bВъпроси на теорията и практика _cГеорги Стефанов; Георги Стефанов Георгиев. |
| 257 | _aBGR | ||
| 260 |
_аСофия _bАлбатрос _c1994 _fВ. Търново : Абагар |
||
| 300 |
_a412 с. _c20 см |
||
| 380 | _a3 | ||
| 500 | _aПълното име на авт. е Георги Стефанов Георгиев. - 2 500 тир. | ||
| 650 | 4 |
_aВъншна политика _9247745 |
|
| 650 | 4 |
_aДипломация _9153505 |
|
| 653 | _aдипломация | ||
| 653 | _aвъншна политика | ||
| 852 | _aЦб 179518 | ||
| 856 | 4 |
_qpdf _u |
|
| 856 | 4 |
_qpdf _u |
|
| 942 |
_cKNG _n0 |
||
| 944 |
_aCR _c31.03.2003 _lф / _kКети_Илиева |
||
| 944 |
_aED _c13.11.2012 _lф / _k |
||
| 999 |
_c3745 _d3745 |
||